| 000 | 01039nam0a2200301 4500 | ||
|---|---|---|---|
| 001 | RU\NLR\bibl\42340 | ||
| 005 | 20260607044501.0 | ||
| 010 |
_a5-04-002694-3 _920100 |
||
| 021 |
_aRU _b99-19021 _9925 |
||
| 035 | _a(NLR Aleph) 000041267 | ||
| 090 |
_a215871 _c215871 |
||
| 100 | _a19990809d1999 |||y0rusy50 ca | ||
| 101 | 0 | _arus | |
| 102 | _aRU | ||
| 105 | _ay ||||||||| | ||
| 200 | 1 |
_aВскрытие покажет _e[Роман] _fВладимир Николаев |
|
| 210 |
_aМ. _cЭКСМО-Пресс _d1999 |
||
| 215 |
_a460 с. _d17 |
||
| 225 | 1 | _aРусские разборки | |
| 686 | _aШ6(2=Р)75-446 | ||
| 700 | 1 |
_4070 _7ca _8rus _aНиколаев _bВ. Н. _cавтор детективов _f1948- _gВладимир Николаевич _96872 _3RU\NLR\auth\7723819 |
|
| 801 | 0 |
_aRU _bNLR _c19990809 _gPSBO |
|
| 801 | 1 |
_aRU _bNLR _c19990809 |
|
| 852 |
_aNLR _j99-2/1570 |
||
| 942 | _cBOOK | ||
| 980 | _aNB | ||